000 00241nam a2200097Ia 4500
008 190216s9999||||xx |||||||||||||| ||und||
100 _aKarel Garrisan
245 0 _aEducationalphsycology
260 _bVakils Feffer & Simons Pvt.
942 _cBK
999 _c19552
_d19552